00726nam a2200229Ia 4500003000400000005001700004008004100021040000700062041001200069082001500081100002500096245003900121260005100160300003300211365000800244700002600252700002800278906004100306942001200347999001900359952011800378OSt20251111182359.0210423s1998 xx 000 0 und d cAL aEnglish a370 bBUCC aPiloo M Buch9101944 aContemporary thoughts on education aBarodabSociety for Education & Resourcec1998 bxii, 316p.aHBc24.5x16.3cm. cINR aBuch, Piloo M9245087 aDave, Jyotsna P9245088 aContemporary ; education. ; thoughts 2ddccBK c171824d171824 001040708MSWaSACPGbSACPGd2001-08-30eBook Worldl0o370 BUCCpPG018353r2022-08-24 00:00:00w2021-04-26yBK